| 000 | 01167nam a2200313 i 4500 | ||
|---|---|---|---|
| 001 | 000020228 | ||
| 003 | DO-SdBNP | ||
| 005 | 20260321073640.0 | ||
| 007 | ta | ||
| 008 | 100728s2005 dr 000 0cspa d | ||
| 040 |
_aDO-SdBNP _bspa _cBNPHU _erda |
||
| 082 |
_bC748v _222 |
||
| 100 | 1 |
_aColón, Juan, _b1962 _eautor _9863 |
|
| 245 | 1 | 3 |
_aLa vida moral de Juan Bosch : _bconferencia / _cJuan Colón ; prólogo Germán Peña Guadalupe. |
| 264 |
_aSanto Domingo : _bGráfica F & S, _c2005. |
||
| 300 |
_a35 paginas ; _c21 cm. |
||
| 336 |
_2rdacontent _atexto _btxt |
||
| 337 |
_2rdamedia _asin mediación _bn |
||
| 338 |
_2rdacarrier _avolumen _bnc |
||
| 500 | _aConferencia impartida en el Club de los Legisladores, el 2 de junio de 2005. | ||
| 590 | _aInventariado, 2023 / DG | ||
| 600 | 1 | 0 |
_a Bosch, Juan, _d1909-2001 _976555 |
| 650 | 1 | 4 |
_aPolíticos _zRepública Dominicana _xEnsayos, conferencias, etc. _927111 |
| 651 | 1 | 0 |
_aRepública Dominicana _xPolítica y gobierno _945 |
| 700 | 1 |
_aPeña Guadalupe, Germán, _epról. _942834 |
|
| 710 | 2 | 2 |
_aFundación Berenjena (República Dominicana) _942835 |
| 910 | _aVálidado control de calidad EM | ||
| 942 |
_2ddc _cLF2 |
||
| 999 |
_c19733 _d19733 |
||